000
00325nam a22001337a 4500
008
181023b xxu||||| |||| 00| 0 eng d
020
_a
9782884491723
041
_a
eng
080
_a
572
100
_a
24
101
_a
ANT
245
_a
Anthropology an International Health Asian Case Studies
_c
Nichter,M
942
_2
udc
_c
BK
999
_c
50734
_d
50734